000 00563cam a2200217u 4500
001 7946420
003 OSt
005 20230620131905.0
008 830111s1958 enk 000 0 eng
010 _a 58035891
040 _aDLC
_cCarP
_dDLC
050 0 0 _a
_b
082 _a324
_bMAC
100 1 _aMackenzie, W. J. M.
_q(William James Millar),
_d1909-
245 1 0 _aFree elections;
260 _aLondon,
_bAllen & Unwin
_c[1958]
300 _a184 p.
_c22 cm.
650 0 _aElections.
906 _a0
_bcbc
_cpremunv
_du
_encip
_f19
_gy-gencatlg
942 _2ddc
_cBK
999 _c1722
_d1722